Fantasías femeninas de Edgar Allan Poe : relatos y poemas /
Kaydedildi:
| Yazar: | |
|---|---|
| Diğer Yazarlar: | |
| Materyal Türü: | Elektronik Ekitap |
| Dil: | İspanyolca İngilizce |
| Baskı/Yayın Bilgisi: |
Sevilla :
Ediciones Alfar,
2009.
|
| Seri Bilgileri: | Alfar/universidad ;
162. |
| Konular: | |
| Online Erişim: | Digitalia Hispánica |
| Etiketler: |
Etiketle
Etiket eklenmemiş, İlk siz ekleyin!
|
MARC
| LEADER | 00000nam a2200000Ii 4500 | ||
|---|---|---|---|
| 001 | DIGALF0001 | ||
| 003 | NyNyDIG | ||
| 006 | m o d | ||
| 007 | cr ||||||||||| | ||
| 008 | 122001s2009 sp ob 000 0 spa d | ||
| 020 | |z 9788478983049 | ||
| 020 | |z 847898304x | ||
| 035 | |a (OCoLC)847600160 | ||
| 040 | |a DGITA |b eng |e pn |c DGITA | ||
| 041 | 1 | |a spa |a eng |h eng | |
| 050 | 1 | 4 | |a PS2604.S5 eBook |
| 100 | 1 | |a Poe, Edgar Allan, |d 1809-1849. | |
| 245 | 1 | 0 | |a Fantasías femeninas de Edgar Allan Poe : |b relatos y poemas / |c Maria de Mar Rivas Carmona (edición, estudio y traducción). |
| 264 | 1 | |a Sevilla : |b Ediciones Alfar, |c 2009. | |
| 300 | |a 1 online resource (167 pages) | ||
| 336 | |a text |b txt |2 rdacontent | ||
| 337 | |a computer |b c |2 rdamedia | ||
| 338 | |a online resource |b cr |2 rdacarrier | ||
| 490 | 1 | |a Colección Alfar universidad ; |v 162 | |
| 500 | |a "Berenice, Eleonora, Ligeia y Morella." | ||
| 504 | |a Includes bibliographical references (p. [165]-167). | ||
| 546 | |a Spanish and English. | ||
| 600 | 1 | 0 | |a Poe, Edgar Allan, |d 1809-1849 |v Translations into Spanish. |
| 600 | 1 | 0 | |a Poe, Edgar Allan, |d 1809-1849 |x Criticism and interpretation. |
| 655 | 0 | |a Electronic books. | |
| 700 | 1 | |a Rivas Carmona, María del Mar. | |
| 791 | 2 | |a Digitalia (Firm), |e distributor. | |
| 830 | 0 | |a Alfar/universidad ; |v 162. | |
| 793 | 0 | |g Digitalia eBook Collection: |a Ediciones Alfar. | |
| 856 | 4 | 0 | |3 Digitalia Hispánica |u https://digitalia.unach.elogim.com/a/9148/ |
| 910 | |a Premium Collection: 2007-2012 | ||